000 00849nam a22002417a 4500
999 _c1756
_d1756
003 AR-CdUCM
008 190227b ||||| |||| 00| 0 spa d
040 _aMUNICIPALIDAD PROVINCIAL DEL CUSCO
_cBIBLIOTECA MUNICIPAL DEL CUSCO
082 _a973 /
_bT98
100 _aTwain, Mark
_9733
245 _aLas Tres Erres:
_braza, religión y revolución /
260 _aEspaña :
_bLabor S. A. ;
_c1975.
300 _a319 páginas
_c18cm
440 _aColección Universitaria de Bolsillo, Punto Omega
_nAntropología y sociología, 192.
_96454
505 _aLa Raza -- La Religión -- La Revolución -- Temas relacionados
650 _aRaza anglosajona
_96455
650 _aMoros
_96456
650 _aMisioneros de China
_96457
650 _aImperialismo
_93454
650 _aCristianismo
_96458
942 _2ddc
_cLIBROS
945 _anom
_d2019-02-27